00634nam a2200193Ia 4500003000900000008004100009040001600050080001700066100002300083245005500106260002600161300001500187490004300202650004100245650001100286942000700297999001500304952012100319IN-BaIIA211028s9999 xx 000 0 eng d cIIA Library a(083)51bHEA aHeard, H. G.95678 0aLaser parameter measurements handbookcHeard H. G. aNew YorkbWileyc1968 axii, 489p. aWiley series in pure and appliedoptics aAstronomy and Astrophysics Thesaurus aTables cBK c3193d3193 00104070aBANbBANcGENd1969-02-14g116.09l0o(083)51/ HEAp3547r2021-11-05v116.09w1969-02-14yBKGRs. 116.09